Normal view
MARC view
- Lawrence, David Herbert,
Entry Nombre Personal
001 - NUMERO DE CONTROL
- campo de control: 28963
003 - IDENTIFICADOR DE NUMERO DE CONTROL
- campo de control: UPN
005 - FECHA Y HORA DE LA ÜLTIMA TRANSACCIÓN
- campo de control: 20210219194359.0
008 - DATOS DE LONGITUD FIJA
- campo de control de longitud fija: nabaccnnaabn|||||||||| b |nc|||||d
035 ## - NUMERO DE CONTROL
- Número de control: UPN11000001069
040 ## - FUENTE DE CATALOGACIÓN
- Lenguaje de catalogación: SPA
- Agencia de transcripción: UPN
053 #4 - NÚMERO DE CLASIFICACIÓN LC
- Número de clasificación elemento-número único o número inicial de tramo: PR6023 A9.3
100 1# - ENCABEZAMIENTO - NOMBRE PERSONAL
- Nombre personal: Lawrence, David Herbert,
- Fechas asociadas con el nombre: 1885-1930
670 ## - FUENTE EN LA QUE SE LOCALIZARON DATOS
- Cita de la fuente: T
- Información localizada: Salvat universal
680 ## - NOTA PUBLICA DE ACCESO PÚBLICO
- Frase explicativa de la referencia: Escritor, poeta y crítico literario inglés
902 ## - CATALOGADOR
- Catalogador: DAA/220208
